Teskný historik Ladislav Hofman
| Titel: | Teskný historik Ladislav Hofman / Dagmar Blümlová |
|---|---|
| Verfasser: | |
| Veröffentlicht: | České Budějovice : Jihočeská Univ, Filozofická Fak., Historický Ústav [u.a.], 2005 |
| Umfang: | 251 S. : Ill. |
| Format: | Buch |
| Sprache: | Tschechisch |
| Schriftenreihe/ mehrbändiges Werk: |
Historia culturae ; 8 Historia culturae. Biographia ; 3 |
| ISBN: | 8070408316 |
| Hinweise zum Inhalt: |
Inhaltsverzeichnis
|
alg: 22263250
001A $03004:20-04-10
001B $01999:03-06-23 $t04:52:52.000
001D $03004:06-05-11
001U $0utf8
001X $00
002@ $0Aau
003@ $022263250X
004A $080-7040-831-6
007A $022263250X $aHEB
007G $0DE02065F832552C57CB34C12578A90031F986
007T $0Herdhh22263250X
009P $qapplication/pdf $A2 $3Inhaltsverzeichnis $uhttp://scans.hebis.de/HEBCGI/show.pl?22263250_toc.pdf $mV:DE-603;B:DE-Mb50
010@ $acze
011@ $a2005 $n2005
021A $aTeskný historik Ladislav Hofman $hDagmar Blümlová
028A $#Blümlová, D. $7134171535 $8Blümlová, Dagmar$Z1949- [Tp1] $9197841937
033A $pČeské Budějovice $nJihočeská Univ, Filozofická Fak., Historický Ústav {[u.a.]
034D $a251 S.
034M $aIll.
036E $aHistoria culturae $l8
036E/01 $aHistoria culturae. Biographia $l3
036F $x18 $8Historia culturae $919919579X $l8
036F/01 $x13 $8Historia culturae. Biographia $9189786264 $l3
037A $aZsfassung in engl. Sprache u.d.T.: Ladislav Hofman, a wistful historian
041A $7133174948 $8Hofman, Ladislav$Z1876-1903 [Tp1] $9188765611
045F $a901.094371 $eDDC23BSB
045F/01 $a901
045F/03 $g4371
045G $a907.2094371 $eDDC23BSB
045G/01 $a907.2
045G/03 $g4371
046M $aLiteraturverz. S. 233 - 245
lok: 22263250 24
101B $006-05-11 $t11:44:57.000
101C $006-05-11
101U $0utf8
145Z/01 $a2 H 1627
145Z/02 $a23 5 A
exp: 22263250 24 1 #EPN
201B/01 $010-05-11 $t09:11:29.000
201C/01 $020-04-10
201U/01 $0utf8
203@/01 $059189761X
208@/01 $a06-05-11 $bz
209A/01 $a10.2667 $du $f050 $h10 2667 $x00
209C/01 $a10.2667 K $h10 2667 K
209G/01 $a72589815 $x00
220C/01 $akon
244Z/01 $7133174948 $8--Tp1--Hofman, Ladislav$Z1876-1903 $x01 $9188765611
247C/01 $8358050-7 Marburg, Bibliothek des Herder-Instituts Marburg $9102600961
lok: 22263250 78
exp: 22263250 78 1 #EPN
201B/01 $026-11-17 $t00:26:07.000
201U/01 $0utf8
203@/01 $0793663814
208@/01 $a12-11-16 $be
209A/01 $a/ $f000 $x00
237A/01 $aweiterführende Signatur(en): : 10.2667
244Z/01 $#Tschechien $#Tschechische Republik $#Tschechische Republik $#Tschechenland $#Tschechei Tschechien $#Česká Republika $#Czech Republic $#ČR $74303381-7 $8--Tg1--Tschechien $x01 $9086659812
244Z/01 $2Trx $#Böhmen $#Bohemia $#Czechy $8--Trx--Čechy $x02 $9391188941
244Z/01 $2Trx $8--Trx--Monographie $x03 $9391384546
245Z/01 $a04.03 $x01
247C/01 $82080>Marburg/Lahn, Herder-Institut, Forschungsbibliothek, Bibliographieportal $9336309341
| LEADER | 00000cam a2200000 c 4500 | ||
|---|---|---|---|
| 001 | 22263250X | ||
| 003 | DE-603 | ||
| 005 | 20230603045252.0 | ||
| 007 | tu | ||
| 008 | 100420s2005 xx |||| | u00||u|cze c | ||
| 020 | |a 8070408316 | ||
| 035 | |a (DE-599)HEB22263250X | ||
| 040 | |a DE-603 |b ger |c DE-603 |d DE-603 | ||
| 041 | |a cze | ||
| 082 | 0 | 4 | |8 1\u |a 901.094371 |q DE-101 |2 23/BSB |
| 083 | 0 | |8 2\u |a 907.2094371 |q DE-101 |2 23/BSB | |
| 085 | |8 1\u |b 901 | ||
| 085 | |8 1\u |z 2 |s 4371 | ||
| 085 | |8 2\u |b 907.2 | ||
| 085 | |8 2\u |z 2 |s 4371 | ||
| 100 | 1 | |a Blümlová, Dagmar |d 1949- |0 (DE-603)197841937 |0 (DE-588)134171535 |2 gnd | |
| 245 | 0 | 0 | |a Teskný historik Ladislav Hofman |c Dagmar Blümlová |
| 264 | 1 | |a České Budějovice |b Jihočeská Univ, Filozofická Fak., Historický Ústav [u.a.] |c 2005 | |
| 300 | |a 251 S. |b Ill. | ||
| 490 | 1 | |a Historia culturae |v 8 | |
| 490 | 1 | |a Historia culturae. Biographia |v 3 | |
| 500 | |a Zsfassung in engl. Sprache u.d.T.: Ladislav Hofman, a wistful historian | ||
| 504 | |a Literaturverz. S. 233 - 245 | ||
| 600 | 1 | 7 | |a Hofman, Ladislav |d 1876-1903 |0 (DE-588)133174948 |0 (DE-603)188765611 |2 gnd |
| 830 | 0 | |t Historia culturae |v 8 |w (DE-603)19919579X |w (DE-600)2209590-1 |9 18 |7 as | |
| 830 | 0 | |t Historia culturae |p Biographia |v 3 |w (DE-603)189786264 |w (DE-600)2382061-5 |9 13 |7 as | |
| 856 | 4 | 2 | |m V:DE-603;B:DE-Mb50 |q application/pdf |u http://scans.hebis.de/HEBCGI/show.pl?22263250_toc.pdf |3 Inhaltsverzeichnis |
| 924 | 0 | |9 Mb 50 |a (DE-603)59189761X |b DE-Mb50 |c HES |d c |g 10.2667 | |
| 924 | 0 | |9 2080 |a (DE-603)793663814 |b DE-2080 |c HES |d d |g / | |


